Statistics for Manchester United squad 2012-13

Click here to take the quiz!

General Stats

  • This quiz has been taken 384 times
    (351 since last reset)
  • The average score is 20 of 25

Answer Stats

PositionPlayerInternational% Correct
GKDavid de GeaSpain
99%
MFAntonio ValenciaEcuador
96%
DFNemanja VidićSerbia
96%
FWJavier HernándezMexico
95%
FWWayne RooneyEngland
95%
DFPatrice EvraFrance
94%
FWRobin van PersieNetherlands
94%
MFRyan GiggsWales
94%
DFRio FerdinandEngland
93%
MFNaniPortugal
92%
MFShinji KagawaJapan
91%
DFPhil JonesEngland
90%
DFRafaelBrazil
90%
DFJonny EvansNorthern Ireland
87%
DFChris SmallingEngland
86%
MFMichael CarrickEngland
85%
MFAndersonBrazil
84%
MFDarren FletcherScotland
81%
GKAnders LindegaardDenmark
71%
FWDanny WelbeckEngland
71%
MFAshley YoungEngland
63%
MFTom CleverleyEngland
58%
DFAlexander BüttnerNetherlands
55%
GKBen AmosEngland
45%
MFNick PowellEngland
33%

Score Distribution

Percentile by Number Answered

Percent of People with Each Score

Your Score History

You have not taken this quiz since the last reset